MARKETING MISTAKES AND SUCCESSES (Record no. 22696)

MARC details
000 -LEADER
fixed length control field 00341nam a2200133Ia 4500
008 - FIXED-LENGTH DATA ELEMENTS--GENERAL INFORMATION
fixed length control field 240624s9999 xx 000 0 und d
041 ## - LANGUAGE CODE
Language code of text/sound track or separate title eng
082 ## - DEWEY DECIMAL CLASSIFICATION NUMBER
Classification number 658.800973 HAR
100 ## - MAIN ENTRY--PERSONAL NAME
Personal name HARTLEY ROBERT F
245 ## - TITLE STATEMENT
Title MARKETING MISTAKES AND SUCCESSES
250 ## - EDITION STATEMENT
Edition statement (12th ed.)
260 ## - PUBLICATION, DISTRIBUTION, ETC.
Date of publication, distribution, etc. 2014
Place of publication, distribution, etc. New Jersey
Name of publisher, distributor, etc. John Wiley & Sons
365 ## - TRADE PRICE
Currency code
Price amount 28
Holdings
Withdrawn status Lost status Damaged status Not for loan Home library Current library Shelving location Date acquired Source of acquisition Cost, normal purchase price Total Checkouts Full call number Barcode Date last seen Date last checked out Copy number Price effective from Koha item type
        IMTN IMTN Rack 36-A 04/14/2014 AP 96.95 1 658.800973 HAR 22696 07/27/2024 07/15/2024 64.3 06/24/2024 Books
Designed & Maintained by: LRC IMT Nagpur Contact: lrc@imtnag.ac.in© 2024. All Rights Reserved.